Spolupráca pri implementácii poznatkov - významný faktor konkurencieschopnosti podnikov a kvality vysokých škôl
Možnosti spolupráce podnikov a vysokých škôl všeobecne - z časového hľadiska, z hľadiska formy. Spolupráca v pedagogickej oblasti, spolupráca vo vedecko-výskumnej činnosti.
Salvato in:
| Autore principale: | |
|---|---|
| Natura: | Capitolo di libro |
| Lingua: | slovacco |
| Soggetti: | |
| Tags: |
Nessun Tag, puoi essere il primo ad aggiungerne!!
|
MARC
| LEADER | 00000nla$a2200000$$$4500 | ||
|---|---|---|---|
| 001 | 0114722 | ||
| 005 | 20240521122345.2 | ||
| 041 | 0 | |a slo | |
| 044 | |a SK | ||
| 245 | 1 | 0 | |a Spolupráca pri implementácii poznatkov - významný faktor konkurencieschopnosti podnikov a kvality vysokých škôl |c Elena Šúbertová |
| 520 | |a Možnosti spolupráce podnikov a vysokých škôl všeobecne - z časového hľadiska, z hľadiska formy. Spolupráca v pedagogickej oblasti, spolupráca vo vedecko-výskumnej činnosti. | ||
| 610 | 2 | 0 | |a podnik |
| 610 | 2 | 0 | |a školy vysoké |
| 610 | 2 | 0 | |a spolupráca vedecká |
| 610 | 2 | 0 | |a spolupráca vedeckovýskumná |
| 610 | 2 | 0 | |a konkurencieschopnosť |
| 610 | 2 | 0 | |a kvalita |
| 100 | 1 | |a Šúbertová, Elena | |